00368nam a22001457a 4500020001800000041001200018082001800030100001400048100001700062245005800079260003900137300000900176365001300185650002400198 a9789327250725 aEnglish a595.7bATW/AG aAtwal A S aDhaliwal G S aAgricultural pests of south asia and their management aLudhianabKalyani Publishersc2015 a678p bRS.425/- aMollusks, Centipede